[Event "RSA-chT U20A"]
[Site "Boksburg"]
[Date "2018.12.17"]
[Round "3.6"]
[White "Booysen, Antonio"]
[Black "Cilliers, Michaela"]
[Result "1-0"]
[WhiteElo "1793"]
[BlackElo "782"]
[PlyCount "87"]
[EventDate "2018.12.16"]
[EventType "team-tourn"]
[EventRounds "7"]
[EventCountry "RSA"]
[SourceTitle "EXT 2020"]
[Source "ChessBase"]
[SourceDate "2019.10.17"]
[SourceVersion "1"]
[SourceVersionDate "2019.10.17"]
[SourceQuality "1"]
[WhiteTeam "Tshwane U20"]
[BlackTeam "Bojanala Platina U20"]
[WhiteTeamCountry "RSA"]
[BlackTeamCountry "RSA"]

1. e4 e5 2. Nf3 Nc6 3. Bb5 a6 4. Ba4 Nf6 5. 0-0 Bc5 6. d3 0-0 7. c3 d6 8. h3 Qe7 9. Bg5 b5 10. Bc2 Be6 11. d4 Bb6 12. d5 Bd7 13. dxc6 Bxc6 14. Re1 Rad8 15. Nbd2 Qe6 16. Bb3 Qe7 17. Nf1 h6 18. Bxf6 Qxf6 19. Bd5 Bd7 20. Ne3 Qg6 21. Nh4 Qg5 22. Nhf5 b4 23. h4 Qg6 24. Ne7+ Kh7 25. Nxg6 fxg6 26. cxb4 h5 27. Re2 Rf6 28. Nc4 Ba7 29. Na5 Bb5 30. Bc4 Bxc4 31. Nxc4 Rdf8 32. Qc2 c6 33. Na5 d5 34. Nxc6 Bd4 35. Nxd4 exd4 36. exd5 Rd6 37. Qc5 Rfd8 38. Qxd4 R6d7 39. Rd1 Rxd5 40. Qxd5 Rxd5 41. Rxd5 Kh6 42. Re8 Kh7 43. Rg5 Kh6 44. Rh8# 1-0